| 000 | 00904nam0a22002771 4500 | ||
|---|---|---|---|
| 001 | rc\4321663 | ||
| 005 | 20250612045936.0 | ||
| 021 |
_aRU _b[62-4890] |
||
| 035 | _a(NLR Aleph) 008512531 | ||
| 090 |
_a8177847 _c8177847 |
||
| 100 | _a20130416d1961 |||y0rusy50 ca | ||
| 101 | 0 | _arus | |
| 102 | _aRU | ||
| 105 | _ay z |||a| | ||
| 200 | 1 |
_aГорячие сердца _eРассказы о рабочих-общественниках |
|
| 210 |
_aПермь _cКн. изд-во _d1961 |
||
| 215 |
_a60 с. _d20 |
||
| 225 | 1 | _aЛюди наших дней | |
| 300 | _aНа обороте тит. л. сост.: Г. Сафир | ||
| 606 |
_aНоваторы и передовики производства _yПермская область _2psbo |
||
| 702 | 1 |
_aСафир _bГ. _4220 |
|
| 801 | 0 |
_aRU _bNLR _gpsbo |
|
| 801 | 1 |
_aRU _bELAR _2rusmarc |
|
| 852 |
_aNLR _j62-4/2627 |
||
| 942 | _cBOOK | ||
| 980 | _aNB | ||